00962nam a22002177a 450000100060000000300080000600500170001400800410003103500190007204000350009104100080012608200220013410000260015624502280018226000910041030000370050150200970053850400340063565000330066970000420070280978BD-RjUL20221217124552.0221217s1989 bg a|||| m||| 00| 0 eng d a(BD-RjUL)80978 aBD-RjULbengcBD-RjULdBD-RjUL aeng 223a621bKHE 1989 aKhan, M. Khairul Alam10aElectrical and optical properties of vanadium dioxide and vanadium oxyfluoride thermochromic the films and ther applications to energy efficient smart windows /cM. Khairul Alam Khan ;6Supervisor : M. Sayeedur Rahman, Khan aRajshahi :bDepartment of Applied Physics & Electronics, University of Rajshahi,c1989 a(x), 178 laves :bill, ;c29.cm. aThesis (Ph. D.) -- Department of Applied Physics & Electronics, University of Rajshahi, 1989 aReferences : Leaves 171 - 178 aApplicationvApplied physics aKhan, M. Sayeedur Rahman, Supervisor